Roma (Record no. 73937)

MARC details
000 -LÍDER
campo de controle de tamanho fixo 00359 a2200157 4500
001 - NÚMERO DE CONTROLE
campo de controle 73937
020 ## - ISBN - INTERNATIONAL STANDARD BOOK NUMBER
ISBN - International Standard Book Number 8478387412
040 ## - FONTE DA CATALOGAÇÃO
Instituição que transcreveu o registro Anchieta - Colégio São Paulo
100 ## - ENTRADA PRINCIPAL--NOME PESSOAL
Nome pessoal Cornell, Tim
240 10 - TÍTULO UNIFORME
Título uniforme Roma
Idioma da obra por
245 10 - TÍTULO
Título Roma
300 ## - DESCRIÇÃO FÍSICA
Extensão 236
362 0# - DATAS DE PUBLICAÇÃO E/OU DESIGNAÇÃO SEQUENCIAL
Datas de publicação e/ou designação sequencial 1996
650 #4 - ASSUNTO--TERMO TÓPICO
Cabeçalho tópico ou nome geográfico Península Itálica e territórios adjacentes até o 476 AC
942 ## - ELEMENTOS DE ENTRADA ADICIONADOS (KOHA)
Tipo de material Koha Livros
Holdings
Situação do descarte Situação das perdas Situação física Não pode ser emprestado Biblioteca de origem Biblioteca atual Data de aquisição Total de empréstimos Número de chamada completo Código de barras Data de último acesso Data do preço efetivo Tipo de material Koha
        Colégio São Paulo Colégio São Paulo 22/11/2023   937 C814 4343/CSP 22/11/2023 22/11/2023 Livros